[Event "Acqui Terme op 3rd"]
[Site "Acqui Terme"]
[Date "2014.07.06"]
[Round "1"]
[White "Del Rio de Angelis, Salvador Gabriel"]
[Black "Chiarotto, Filippo"]
[Result "1-0"]
[WhiteElo "2520"]
[BlackElo "2059"]
[PlyCount "27"]
[EventDate "2014.07.06"]
[EventType "swiss"]
[EventRounds "9"]
[EventCountry "ITA"]
[SourceTitle "CBM 161 Extra"]
[Source "ChessBase"]
[SourceDate "2014.08.29"]
[SourceVersion "1"]
[SourceVersionDate "2014.08.29"]
[SourceQuality "1"]

1. d4 Nf6 2. c4 e6 3. Nc3 Bb4 4. e3 b6 5. Bd3 Bb7 6. Nf3 0-0 7. 0-0 Bxc3 8. bxc3 Ne4 9. Ne1 f5 10. f3 Nf6 11. Qe2 Qe8 12. e4 fxe4 13. fxe4 Qh5 14. Rxf6 1-0

[Event "Ivrea Autumn Cup 24th"]
[Site "Ivrea"]
[Date "2013.12.05"]
[Round "9"]
[White "Chiarotto, Filippo"]
[Black "Calzolari, Marco"]
[Result "1-0"]
[WhiteElo "2084"]
[BlackElo "1751"]
[PlyCount "85"]
[EventDate "2013.10.10"]
[EventType "swiss"]
[EventRounds "9"]
[EventCountry "ITA"]
[SourceTitle "EXT 2017"]
[Source "ChessBase"]
[SourceDate "2016.10.25"]
[SourceVersion "1"]
[SourceVersionDate "2016.10.25"]
[SourceQuality "1"]

1. e4 c6 2. Nf3 d5 3. Nc3 dxe4 4. Nxe4 Nd7 5. Bc4 e6 6. d4 Ngf6 7. Ng3 Nb6 8. Bd3 c5 9. dxc5 Bxc5 10. 0-0 0-0 11. Bg5 Be7 12. Ne5 Nbd7 13. Nxd7 Bxd7 14. Qe2 Nd5 15. Bd2 Bg5 16. f4 Bf6 17. Qe4 g6 18. Rab1 Bc6 19. Qe1 Bg7 20. Ne4 Rc8 21. a3 a6 22. Qe2 Qc7 23. c4 Nf6 24. Ng5 h6 25. Nf3 Rfe8 26. Ne5 Nd7 27. Bc3 Nxe5 28. fxe5 Qe7 29. Qf2 Rc7 30. h4 g5 31. Bb4 Qd8 32. Rbd1 Rd7 33. Bd6 Bf8 34. c5 Bxd6 35. cxd6 Rf8 36. Qg3 f6 37. hxg5 fxg5 38. Qh3 Kg7 39. Qxe6 Qe8 40. Qxe8 Rxe8 41. Rde1 Bd5 42. Rf6 Rf8 43. Rg6+ 1-0

[Event "Ivrea Autumn 21st"]
[Site "Ivrea"]
[Date "2010.11.04"]
[Round "5"]
[White "Razzano, Lorenzo"]
[Black "Chiarotto, Filippo"]
[Result "1/2-1/2"]
[WhiteElo "1928"]
[BlackElo "2119"]
[PlyCount "39"]
[EventDate "2010.10.07"]
[EventType "swiss"]
[EventRounds "9"]
[EventCountry "ITA"]
[SourceTitle "EXT 2024"]
[Source "ChessBase"]
[SourceDate "2023.10.10"]
[SourceVersion "1"]
[SourceVersionDate "2023.10.10"]
[SourceQuality "1"]

1. e4 c5 2. Nf3 a6 3. c4 d6 4. d4 Bg4 5. Be2 Bxf3 6. Bxf3 cxd4 7. Qxd4 Nc6 8. Qd1 g6 9. Bd2 Bg7 10. Bc3 Bxc3+ 11. Nxc3 Nf6 12. 0-0 0-0 13. Rc1 Qa5 14. Kh1 Rac8 15. Be2 Ne5 16. Qb3 Qc7 17. h3 Ned7 18. Nd5 Nxd5 19. exd5 Qb6 20. Qxb6 1/2-1/2

[Event "Ivrea Eporediese op 27th"]
[Site "Ivrea"]
[Date "2010.02.04"]
[Round "3"]
[White "Caresana, Alessandro"]
[Black "Chiarotto, Filippo"]
[Result "0-1"]
[WhiteElo "1994"]
[BlackElo "2073"]
[PlyCount "76"]
[EventDate "2010.01.21"]
[EventType "swiss"]
[EventRounds "6"]
[EventCountry "ITA"]
[SourceTitle "EXT 2024"]
[Source "ChessBase"]
[SourceDate "2023.10.10"]
[SourceVersion "1"]
[SourceVersionDate "2023.10.10"]
[SourceQuality "1"]

1. e4 c5 2. Nf3 a6 3. g3 b5 4. Bg2 Bb7 5. 0-0 Bxe4 6. Re1 Bc6 7. Nc3 Nf6 8. d4 cxd4 9. Qxd4 e6 10. Bg5 Be7 11. Rad1 0-0 12. Ne5 Bxg2 13. Kxg2 Nc6 14. Nxc6 dxc6 15. Qh4 Qc7 16. Rd4 Rfe8 17. Rf4 Nd5 18. Nxd5 cxd5 19. Rg4 Bxg5 20. Qxg5 g6 21. Rh4 Ra7 22. Rh6 Qe7 23. Qg4 Rc7 24. Re5 Qf6 25. f4 Rxc2+ 26. Kh3 Qg7 27. Rh4 f5 28. Qd1 Qc7 29. Qe1 Qc6 30. g4 d4 31. Qg3 Qh1 32. gxf5 Qf1+ 33. Kg4 Rg2 34. fxg6 Rxg3+ 35. hxg3 hxg6 36. Kg5 Kg7 37. Rc5 Re7 38. Rc8 Rd7 0-1

[Event "Francophone op 1st"]
[Site "Arvier"]
[Date "2009.09.29"]
[Round "4"]
[White "Marzouk, Amira"]
[Black "Chiarotto, Filippo"]
[Result "0-1"]
[WhiteElo "1703"]
[BlackElo "2053"]
[PlyCount "86"]
[EventDate "2009.09.27"]
[EventType "swiss"]
[EventRounds "9"]
[EventCountry "ITA"]
[SourceTitle "EXT 1999"]
[Source "ChessBase"]
[SourceDate "1998.11.16"]
[SourceVersion "1"]
[SourceVersionDate "1998.11.16"]
[SourceQuality "1"]

1. e4 c5 2. c3 e6 3. d4 d5 4. exd5 exd5 5. Nf3 Nc6 6. Be2 Be6 7. 0-0 Nf6 8. Be3 c4 9. Nbd2 Bd6 10. Re1 0-0 11. Bg5 h6 12. Bh4 Bf4 13. g3 Bd6 14. Bxf6 Qxf6 15. Bf1 Rfe8 16. Bg2 b5 17. a3 a5 18. Nf1 Rad8 19. Ne3 Ne7 20. Qc2 h5 21. h4 Nf5 22. Ng5 Nxe3 23. Rxe3 Bf5 24. Qe2 Rxe3 25. Qxe3 Bf8 26. Re1 b4 27. axb4 axb4 28. Qe5 Bd6 29. Qe3 Bf8 30. Ra1 b3 31. Re1 g6 32. Qe5 Qxe5 33. Rxe5 Ba3 34. Bxd5 Rxd5 35. Rxd5 Bxb2 36. Rd8+ Kg7 37. d5 Bxc3 38. d6 b2 39. Rb8 b1Q+ 40. Rxb1 Bxb1 41. d7 Bf6 42. Nf3 c3 43. Ne1 Bf5 0-1

[Event "Ivrea Eporediese op 26th"]
[Site "Ivrea"]
[Date "2009.03.12"]
[Round "9"]
[White "Guglielmi, Nicolo"]
[Black "Chiarotto, Filippo"]
[Result "0-1"]
[WhiteElo "1950"]
[BlackElo "2039"]
[PlyCount "72"]
[EventDate "2009.01.15"]
[EventType "swiss"]
[EventRounds "9"]
[EventCountry "ITA"]
[SourceTitle "EXT 2011"]
[Source "ChessBase"]
[SourceDate "2010.11.26"]
[SourceVersion "1"]
[SourceVersionDate "2010.11.26"]
[SourceQuality "1"]

1. d4 Nf6 2. Nf3 e6 3. Bg5 h6 4. Bh4 b6 5. e3 Bb7 6. Bd3 Be7 7. 0-0 0-0 8. Nbd2 d5 9. Qe2 Ne4 10. Bxe7 Qxe7 11. Rad1 Nd7 12. c3 a5 13. Ne1 e5 14. c4 Nxd2 15. Qxd2 e4 16. Be2 f5 17. cxd5 Bxd5 18. b3 g5 19. Rc1 Nf6 20. Qc3 Rf7 21. g3 f4 22. Bc4 Raf8 23. exf4 gxf4 24. Ng2 e3 25. Nxf4 Bxc4 26. Qxc4 exf2+ 27. Rxf2 Qe3 28. Rcf1 Ne4 29. Ng2 Qxf2+ 30. Rxf2 Nxf2 31. Nf4 Ne4 32. Ng6 Nd2 33. Qe6 Nf3+ 34. Kh1 Ng5 35. Qc4 b5 36. Qxb5 Rf1+ 0-1

[Event "Ivrea Eporediese op 26th"]
[Site "Ivrea"]
[Date "2009.02.12"]
[Round "5"]
[White "Castaldo, Folco"]
[Black "Chiarotto, Filippo"]
[Result "1-0"]
[WhiteElo "2419"]
[BlackElo "2039"]
[PlyCount "61"]
[EventDate "2009.01.15"]
[EventType "swiss"]
[EventRounds "9"]
[EventCountry "ITA"]
[SourceTitle "EXT 2011"]
[Source "ChessBase"]
[SourceDate "2010.11.26"]
[SourceVersion "1"]
[SourceVersionDate "2010.11.26"]
[SourceQuality "1"]

1. e4 c5 2. Nf3 a6 3. c3 e6 4. d4 d5 5. e5 Bd7 6. Bd3 Bb5 7. Bxb5+ axb5 8. dxc5 Bxc5 9. b4 Bb6 10. Na3 Ne7 11. Nxb5 0-0 12. 0-0 Nf5 13. Qd3 Nc6 14. a4 f6 15. exf6 Qxf6 16. Bg5 Qg6 17. a5 Bd8 18. Bxd8 Raxd8 19. Qe2 e5 20. Nxe5 Nxe5 21. Qxe5 Rfe8 22. Qc7 h5 23. Rae1 Nh4 24. Qg3 Qf6 25. Nd4 Re4 26. f3 Rxe1 27. Rxe1 Nf5 28. Qe5 Nxd4 29. Qxf6 gxf6 30. cxd4 Kf7 31. Rc1 1-0

[Event "ITA-ch qual"]
[Site "Saint Vincent"]
[Date "2008.07.23"]
[Round "5"]
[White "Cavatorta, Fosco"]
[Black "Chiarotto, Filippo"]
[Result "0-1"]
[WhiteElo "1921"]
[BlackElo "2096"]
[PlyCount "110"]
[EventDate "2008.07.19"]
[EventType "swiss"]
[EventRounds "9"]
[EventCountry "ITA"]
[SourceTitle "EXT 2009"]
[Source "ChessBase"]
[SourceDate "2008.11.26"]
[SourceVersion "1"]
[SourceVersionDate "2008.11.26"]
[SourceQuality "1"]

1. Nf3 Nf6 2. d4 e6 3. e3 c5 4. Bd3 b6 5. Qe2 Bb7 6. Nbd2 d5 7. c3 Nbd7 8. 0-0 Ne4 9. c4 Bd6 10. cxd5 exd5 11. dxc5 bxc5 12. Rd1 Qf6 13. Bb5 0-0-0 14. Qd3 Ne5 15. Qe2 g5 16. Nxe5 Qxe5 17. Nf1 c4 18. Bd2 Nxd2 19. Qxd2 a6 20. Ba4 Kb8 21. Qd4 Qxd4 22. Rxd4 Be5 23. Rd2 Ka7 24. Rc2 f5 25. Nd2 g4 26. Nf1 h5 27. Ng3 f4 28. exf4 Bxf4 29. Re2 Kb6 30. Re6+ Rd6 31. Rxd6+ Bxd6 32. Nf5 Be5 33. Rb1 Bc6 34. Bxc6 Kxc6 35. g3 Rb8 36. Rd1 Rb7 37. Ne3 Rd7 38. Rd2 Kc5 39. Rc2 a5 40. Kg2 a4 41. h3 gxh3+ 42. Kxh3 Rb7 43. Rd2 d4 44. Nd1 a3 45. Rc2 axb2 46. Nxb2 Rxb2 47. Rxb2 d3 48. Rd2 Kd4 49. f4 Bf6 50. a4 c3 51. Ra2 d2 52. Ra1 c2 53. a5 d1Q 54. Ra4+ Ke3 55. a6 Qh1# 0-1

[Event "Porto Mannu op"]
[Site "Porto Mannu"]
[Date "2008.05.22"]
[Round "7"]
[White "Chiarotto, Filippo"]
[Black "Spielmann, Alain"]
[Result "0-1"]
[WhiteElo "2084"]
[BlackElo "2308"]
[PlyCount "88"]
[EventDate "2008.05.17"]
[EventType "swiss"]
[EventRounds "9"]
[EventCountry "ITA"]
[SourceTitle "CBM 124 Extra"]
[Source "ChessBase"]
[SourceDate "2008.07.03"]
[SourceVersion "1"]
[SourceVersionDate "2008.07.03"]
[SourceQuality "1"]

1. e4 d6 2. d4 Nf6 3. Nc3 g6 4. h3 Bg7 5. g4 c5 6. Bb5+ Bd7 7. e5 Bxb5 8. Nxb5 Qa5+ 9. c3 Qxb5 10. exf6 Bxf6 11. Ne2 h5 12. g5 Bg7 13. a4 Qc6 14. d5 Qd7 15. Qd3 Na6 16. Bf4 Nc7 17. 0-0 0-0 18. Kg2 Rad8 19. Ra2 Rfe8 20. Ng3 h4 21. Ne2 e5 22. dxe6 Nxe6 23. b3 d5 24. Bc1 d4 25. c4 Qc6+ 26. Kg1 Bf8 27. f4 Ng7 28. Rf3 Nf5 29. Kf2 Re6 30. Ng1 Rde8 31. Re2 Ng3 32. Rxe6 Qxe6 33. Bd2 Bd6 34. Rxg3 hxg3+ 35. Kxg3 Bc7 36. b4 Qe7 37. Nf3 cxb4 38. Qxd4 Bb6 39. Qd3 Qe2 40. Qxe2 Rxe2 41. Bxb4 Ra2 42. Bd6 Bf2+ 43. Kg4 Rxa4 44. Ne5 Bd4 0-1

[Event "Porto Mannu op"]
[Site "Porto Mannu"]
[Date "2008.05.20"]
[Round "4"]
[White "Scalcione, Michelangelo"]
[Black "Chiarotto, Filippo"]
[Result "1-0"]
[WhiteElo "2455"]
[BlackElo "2084"]
[PlyCount "75"]
[EventDate "2008.05.17"]
[EventType "swiss"]
[EventRounds "9"]
[EventCountry "ITA"]
[SourceTitle "CBM 124 Extra"]
[Source "ChessBase"]
[SourceDate "2008.07.03"]
[SourceVersion "1"]
[SourceVersionDate "2008.07.03"]
[SourceQuality "1"]

1. Nf3 Nf6 2. c4 e6 3. Nc3 Nc6 4. a3 d6 5. d4 g6 6. g3 Bg7 7. Bg2 0-0 8. 0-0 Re8 9. e3 e5 10. d5 Ne7 11. e4 Nh5 12. Ne1 Bd7 13. b4 Qc8 14. Nd3 Bh3 15. c5 Bxg2 16. Kxg2 f5 17. f3 Qd7 18. b5 Kh8 19. c6 bxc6 20. bxc6 Nxc6 21. dxc6 Qxc6 22. Nd5 Nf6 23. N3b4 Qd7 24. Bg5 Nxd5 25. Qxd5 h6 26. Be3 a5 27. Nc6 a4 28. Rab1 Rf8 29. h3 Kh7 30. Rfd1 Bf6 31. Rb7 Qf7 32. Qxf7+ Rxf7 33. Rxd6 Ra6 34. Re6 Bg5 35. Bxg5 hxg5 36. Nd8 Rxe6 37. Nxe6 Re7 38. Rxc7 1-0